[Event "FTX Crypto Cup Prelims 2021"]
[Site "Chess24"]
[Date "2021.05.18"]
[Round "11.7"]
[White "Dubov, Daniil"]
[Black "Firouzja, Alireza"]
[Result "0-1"]
[WhiteElo "2770"]
[BlackElo "2703"]
[Annotator "TA"]
[PlyCount "102"]
[EventDate "2021.05.23"]
[EventType "tourn"]
[EventCountry "NET"]
[Tiebreak "Koya+Number of black wins+Number of wins"]
[SourceTitle "playchess.com"]
[Source "ChessBase"]
[SourceQuality "1"]

{[%evp 13,102,14,10,16,74,64,80,78,85,75,89,77,81,69,101,104,169,74,142,126,
125,103,140,131,204,140,137,128,131,112,144,124,184,143,249,135,130,92,95,73,
84,78,80,73,142,134,128,136,112,0,0,-225,-221,-222,-224,-218,-225,-225,-220,
-220,-207,-757,-708,-756,-517,-510,-509,-511,-456,-499,-501,-495,-476,-476,
-447,-423,-425,-602,-437,-666,-625,-1027,-1015,-29968,-29966,-29972,-29973,
-5643,-5627,-5639,-5539]} 1. d4 Nf6 2. c4 g6 3. Nc3 Bg7 4. Nf3 O-O 5. Bg5 c5 6.
d5 h6 7. Bh4 d6 8. Nd2 {E61: King's Indian: Early deviations for White,
including Smyslov System.} e5 $5 {[%mdl 4] An interesting side line.} (8... g5
$11 {keeps the balance.} 9. Bg3 Nh5) 9. e3 $16 {[#]} Re8 $1 $146 {[%mdl 8] A
top novelty.} ({Predecessor:} 9... Qd7 10. Be2 Nh7 11. O-O f5 12. f4 e4 13. Qc2
Na6 14. a3 Nc7 15. b4 Ne8 16. Rab1 Qf7 {1-0 (51) Agrest,E (2596)-Pavlovic,M 
(2481) Berlin 2015}) 10. Bd3 {White is better.} Qb6 11. O-O a6 12. Qc2 Nh7 13.
f4 f5 14. g4 {[%cal Rg4f5]} e4 15. Be2 (15. Ndxe4 $1 $18 fxe4 16. Bxe4 Rxe4 17.
Qxe4) 15... fxg4 (15... Bf6 $142) 16. Ncxe4 Bf5 17. Bd3 Nd7 18. Rab1 Ndf8 (
18... Qc7 $16 19. b3 Nhf8) 19. Kh1 Qc7 20. Rbe1 b5 21. Rg1 h5 22. b3 b4 (22...
Qd7 $16 23. Rb1 b4) 23. Nf2 Qf7 (23... Bxd3 $16 24. Qxd3 (24. Nxd3 Bc3 $16)
24... Qf7) 24. h3 ({Better is} 24. e4 $1 $18 {[%cal Re4f5]} Bc8 25. e5 dxe5 26.
Nfe4) 24... Bxd3 25. Qxd3 {aiming for Nde4.} g5 26. hxg4 {Hoping for Nde4.}
gxh4 27. g5 Ng6 28. Nde4 Rad8 (28... Red8 $142) 29. Nf6+ $1 Kh8 ({But not} 
29... Nxf6 $2 30. gxf6 Qxf6 31. Rxg6 $18 (31. Qxg6 Qxg6 32. Rxg6 Kf7 $16)) 30.
Nxe8 Rxe8 31. Re2 ({White should play} 31. Ref1 $16) 31... Nhf8 $11 32. Kh2 $2
{[#] White is now going downhill.} (32. f5 $11 {and White is okay.}) 32... Ne5
$1 $19 {[%cal Re5d3][%mdl 512]} 33. fxe5 {[#]} Qf3 $1 34. Rg2 {Strongly
threatening e6.} Bxe5+ 35. Kg1 h3 36. Nxh3 Qxh3 37. Qc2 $2 (37. g6) 37... Kg7
38. Ref2 Qxe3 {Threatens to win with ...Qe1+.} 39. Qf5 Qe1+ 40. Rf1 Bd4+ 41.
Kh1 {[#] Qf7+ is the strong threat.} Qh4+ $1 42. Rh2 Qe4+ 43. Qxe4 Rxe4 44.
Rxh5 Ng6 45. Rh2 (45. Rd1 $142 Be5 46. Rg1) 45... Be5 46. Rhf2 (46. Rh3 $142
Nh4 47. Rd3) 46... Nf4 47. Rf3 Kg6 48. Rg1 Ne2 49. Rd1 Rh4+ 50. Kg2 Rh2+ 51.
Kf1 Ng3+ {[%mdl 64] Discovered Attack.  Weighted Error Value: White=0.84/
Black=0.20} 0-1

[Event "FTX Crypto Cup Prelims 2021"]
[Site "Chess24"]
[Date "2021.05.18"]
[Round "11.8"]
[White "Carlsen, Magnus"]
[Black "Nakamura, Hikaru"]
[Result "1/2-1/2"]
[WhiteElo "2881"]
[BlackElo "2829"]
[Annotator "RC"]
[PlyCount "102"]
[EventDate "2021.05.23"]
[EventType "tourn"]
[EventCountry "NET"]
[Tiebreak "Koya+Number of black wins+Number of wins"]
[SourceTitle "playchess.com"]
[Source "ChessBase"]
[SourceQuality "1"]
[TimeControl "900+10"]

1. e4 {[%emt 0:00:00]} e5 {[%emt 0:00:00]} 2. Nf3 {[%emt 0:00:00]} Nc6 {
[%emt 0:00:00]} 3. Bc4 {[%emt 0:00:00]} Bc5 {[%emt 0:00:00]} 4. c3 {[%emt 0:00:
00]} Nf6 {[%emt 0:00:00]} 5. d3 {[%emt 0:00:00]} O-O {[%emt 0:00:00]} 6. Nbd2 {
[%emt 0:00:00]} d5 {[%emt 0:00:09]} 7. exd5 {[%emt 0:00:00]} Nxd5 {[%emt 0:00:
00]} 8. Ne4 {[%emt 0:00:01]} Be7 {[%emt 0:00:05]} 9. O-O {[%emt 0:00:02]} Nb6 {
[%emt 0:01:07]} 10. Bb3 {[%emt 0:00:02]} Bf5 {[%emt 0:00:32]} 11. a4 {[%emt 0:
00:45]} a5 {[%emt 0:00:33]} 12. Be3 {[%emt 0:00:20]} Kh8 {[%emt 0:01:53]} 13.
Re1 {[%emt 0:03:18]} Bg6 {[%emt 0:00:05]} 14. Ng3 {[%emt 0:04:07]} Nd7 {
[%emt 0:00:59]} 15. d4 {[%emt 0:02:13]} f5 {[%emt 0:02:31]} 16. d5 {[%emt 0:01:
32]} Ncb8 {[%emt 0:00:03]} 17. Bc1 {[%emt 0:00:45]} f4 {[%emt 0:02:20]} 18. Ne4
{[%emt 0:00:16]} Na6 {[%emt 0:00:12]} 19. Bc2 {[%emt 0:00:23]} Re8 {[%emt 0:01:
44]} 20. b3 {[%emt 0:01:18]} Bf6 {[%emt 0:01:49]} 21. Ba3 {[%emt 0:00:18]} Nb6
{[%emt 0:00:47]} 22. d6 {[%emt 0:00:09]} c6 {[%emt 0:00:18]} 23. Qe2 {[%emt 0:
00:30]} Nd7 {[%emt 0:00:42]} 24. Rad1 {[%emt 0:00:08]} Bh5 {[%emt 0:00:17]} 25.
b4 {[%emt 0:00:32]} axb4 {[%emt 0:00:43]} 26. cxb4 {[%emt 0:00:00]} Qb6 {
[%emt 0:00:33]} 27. b5 {[%emt 0:00:38]} cxb5 {[%emt 0:00:14]} 28. axb5 {
[%emt 0:00:07]} Nab8 {[%emt 0:00:14]} 29. Bb4 {[%emt 0:00:04]} Nf8 {[%emt 0:00:
21]} 30. Nc3 {[%emt 0:00:27]} Qd8 {[%emt 0:00:15]} 31. Nd5 {[%emt 0:00:07]} Ra2
{[%emt 0:00:15]} 32. Qc4 {[%emt 0:00:13]} Rxc2 {[%emt 0:00:27]} 33. Qxc2 {
[%emt 0:00:03]} Bxf3 {[%emt 0:00:06]} 34. gxf3 {[%emt 0:00:02]} Qd7 {[%emt 0:
00:00]} 35. Nc7 {[%emt 0:01:16]} Rd8 {[%emt 0:00:11]} 36. Qc4 {[%emt 0:00:17]}
Qh3 {[%emt 0:00:08]} 37. Rd3 {[%emt 0:00:17]} Nbd7 {[%emt 0:00:18]} 38. Qf7 {
[%emt 0:00:21]} Bh4 {[%emt 0:00:32]} 39. Re2 {[%emt 0:00:18]} Nf6 {[%emt 0:00:
16]} 40. Bc3 {[%emt 0:00:29]} Qf5 {[%emt 0:00:43]} 41. Rd1 {[%emt 0:00:13]} Qh3
{[%emt 0:00:01]} 42. Rd3 {[%emt 0:00:08]} Qf5 {[%emt 0:00:01]} 43. Red2 {
[%emt 0:00:01]} e4 {[%emt 0:00:06]} 44. Bxf6 {[%emt 0:00:01]} Bxf6 {[%emt 0:00:
01]} 45. Rd5 {[%emt 0:00:27]} Qc8 {[%emt 0:00:01]} 46. b6 {[%emt 0:00:11]} e3 {
[%emt 0:00:10]} 47. d7 {[%emt 0:00:01]} Nxd7 {[%emt 0:00:02]} 48. Rd1 {[%emt 0:
00:10]} e2 {[%emt 0:00:06]} 49. Re1 {[%emt 0:00:01]} Ne5 {[%emt 0:00:06]} 50.
Rxe5 {[%emt 0:00:05]} Bxe5 {[%emt 0:00:03]} 51. Kg2 {[%emt 0:00:23]} Rf8 {
[%emt 0:00:54]} 1/2-1/2

[Event "FTX Crypto Cup Prelims 2021"]
[Site "Chess24"]
[Date "2021.05.18"]
[Round "12.1"]
[White "Aronian, Levon"]
[Black "Nakamura, Hikaru"]
[Result "1/2-1/2"]
[WhiteElo "2778"]
[BlackElo "2829"]
[Annotator "TA"]
[PlyCount "80"]
[EventDate "2021.05.23"]
[EventType "tourn"]
[EventCountry "NET"]
[Tiebreak "Koya+Number of black wins+Number of wins"]
[SourceTitle "playchess.com"]
[Source "ChessBase"]
[SourceQuality "1"]

{[%evp 9,80,10,22,18,20,14,24,8,19,21,29,-18,8,-31,-26,-20,-9,-14,0,0,0,-13,12,
0,14,20,17,18,32,30,35,27,23,7,14,8,14,0,13,0,43,27,27,27,27,27,27,6,34,0,31,
24,46,24,55,35,34,35,35,35,34,11,10,12,34,34,34,34,34,40,41,34,34]} 1. d4 Nf6
2. Nf3 d5 3. Bf4 Bf5 4. c4 e6 5. Qb3 Nc6 6. Nbd2 {D02: 1 d4 d5 2 Nf3 sidelines,
including 2...Nf6 3 g3 and 2...Nf6 3 Bf4.} Be7 (6... Bb4 7. a3 dxc4 8. Qxc4
Bxd2+ 9. Bxd2 Be4 10. e3 O-O 11. Be2 Bd5 12. Qc2 Be4 13. Qc1 Re8 14. O-O e5 15.
Nxe5 Nxe5 16. dxe5 Rxe5 {1/2-1/2 (56) Aronian,L (2781)-Nakamura,H (2736)
chess24.com INT 2021}) 7. e3 O-O 8. c5 {White has an edge.} ({Reject} 8. Qxb7
Nb4 $15) 8... Rb8 9. Bb5 {[#]} Ne4 $146 ({Predecessor:} 9... Nh5 10. Qa4 Nxf4
11. exf4 Qc8 12. O-O Bf6 13. Bxc6 bxc6 14. b3 Qb7 15. Rac1 Qb5 16. Qxb5 Rxb5 {
0-1 (74) Vrana,F (2252)-Ernst,M (2155) Austria 2019}) 10. Qa4 Nxd2 11. Kxd2 f6
(11... g5 $5 12. Bg3 $8 g4 $11) 12. Rhc1 Qd7 13. b3 Rfc8 14. h3 g5 15. Bh2 a6
16. Bxc6 Qxc6 17. Qxc6 bxc6 18. g4 Bg6 19. h4 h6 20. Bg3 Kf7 21. Kc3 Ke8 22.
Nd2 Kd7 23. Rh1 Rh8 24. Rh2 Rh7 25. hxg5 (25. b4 {looks sharper.} gxh4 26. Rxh4
Rbh8 27. Rg1 Ra8 28. Rgh1) 25... hxg5 26. Rxh7 Bxh7 27. Rh1 Bg6 28. f3 Rg8 29.
e4 dxe4 30. Nxe4 Kc8 31. Rh6 Kb7 32. Nd2 Kc8 33. Nc4 Bf8 34. Rh2 Bg7 35. f4
gxf4 $1 36. Bxf4 Rh8 37. Rxh8+ {White is slightly better.} Bxh8 38. g5 Bg7 39.
gxf6 Bxf6 40. Nd2 Bf5 {Weighted Error Value: White=0.09/Black=0.11} 1/2-1/2

[Event "FTX Crypto Cup Prelims 2021"]
[Site "Chess24"]
[Date "2021.05.18"]
[Round "12.3"]
[White "Svidler, Peter"]
[Black "Dubov, Daniil"]
[Result "1/2-1/2"]
[WhiteElo "2742"]
[BlackElo "2770"]
[Annotator "TA"]
[PlyCount "62"]
[EventDate "2021.05.23"]
[EventType "tourn"]
[EventCountry "NET"]
[Tiebreak "Koya+Number of black wins+Number of wins"]
[SourceTitle "playchess.com"]
[Source "ChessBase"]
[SourceQuality "1"]

{[%evp 9,62,28,27,40,33,43,41,40,37,29,47,33,39,0,0,-24,-14,-23,13,0,0,-24,0,0,
0,0,14,21,54,50,41,34,33,15,30,3,0,8,75,16,12,16,26,0,0,-9,-7,-10,-7,-15,0,0,0,
-19,0]} 1. e4 c5 2. Nf3 Nc6 3. Bb5 e5 4. O-O Nge7 5. Bc4 d5 6. exd5 {B30:
Sicilian: 2...Nc6 3 Bb5, lines without ...g6.} Nxd5 7. Re1 f6 8. d4 {[#] White
is slightly better.} cxd4 $146 ({Predecessor:} 8... Nb6 9. Bb5 cxd4 10. Nxd4 a6
11. Bxc6+ bxc6 12. Qh5+ g6 13. Qf3 Be7 14. Nxc6 Bb7 15. Nxd8 Bxf3 {1/2-1/2 (40)
Winkler,T (2619)-Kruse,H (2537) ICCF email 2007}) 9. Nxd4 Nxd4 10. Qxd4 Be6 11.
Qh4 (11. Qe4 $5 {[%cal Re1d1]} Qd7 12. Rd1 $11) 11... Qb6 12. Bxd5 Bxd5 13. Nc3
Bf7 14. Be3 Qc6 ({Avoid the trap} 14... Qxb2 $2 15. Qa4+ b5 16. Nxb5 $18) 15.
f4 Be7 16. Bf2 O-O 17. fxe5 Rae8 18. Qe4 Qa6 19. e6 Bg6 20. Qe2 {Black must
now prevent Qxa6.} Qc6 21. Qb5 Bxc2 22. Qxc6 (22. Rac1 {seems wilder.} Qxb5 23.
Nxb5 Bb4 24. e7 Rf7 25. Rxc2 Bxe1 26. Bxe1 Rfxe7 27. Bb4) 22... bxc6 23. Bxa7
Bf5 (23... Ra8 $11 24. Bf2 Rfe8) 24. a3 (24. a4 $16) 24... Ra8 $11 25. Bf2 Rfe8
26. Re2 Bd6 {The position is equal.} 27. Rae1 Be5 28. Bg3 Bd4+ 29. Bf2 Be5 30.
Bg3 Bd4+ 31. Bf2 Be5 {Weighted Error Value: White=0.12/Black=0.13} 1/2-1/2

[Event "FTX Crypto Cup Prelims 2021"]
[Site "Chess24"]
[Date "2021.05.18"]
[Round "12.4"]
[White "Caruana, Fabiano"]
[Black "Grischuk, Alexander"]
[Result "1-0"]
[WhiteElo "2773"]
[BlackElo "2784"]
[Annotator "TA"]
[PlyCount "67"]
[EventDate "2021.05.23"]
[EventType "tourn"]
[EventCountry "NET"]
[Tiebreak "Koya+Number of black wins+Number of wins"]
[SourceTitle "playchess.com"]
[Source "ChessBase"]
[SourceQuality "1"]

{[%evp 23,67,-3,2,0,7,7,2,0,21,4,6,6,13,5,10,8,19,11,35,26,52,43,49,52,42,45,
32,31,29,30,33,39,59,56,59,59,50,52,58,58,57,52,53,45,350,345]} 1. d4 Nf6 2.
Nf3 d5 3. c4 e6 4. Nc3 c6 5. e3 Nbd7 6. Qc2 Bd6 7. b3 O-O 8. Be2 b6 9. O-O Bb7
10. Bb2 Qe7 11. Rad1 Rad8 12. Rfe1 Rfe8 13. g3 {D45: Semi-Slav: 5 e3.} Bb4 14.
a3 Bxc3 ({Reject} 14... Bxa3 15. Bxa3 Qxa3 16. Ra1 $16) 15. Qxc3 {The position
is equal.} c5 16. Qc2 {[#]} cxd4 $146 ({Predecessor:} 16... Rc8 17. a4 Ne4 18.
Nd2 Ndf6 19. f3 Nd6 20. Qb1 cxd4 21. exd4 Qd7 22. Qa1 Nf5 {0-1 (40) Vazquez
Igarza,R (2572)-Yu,Y (2738) Caleta 2017}) 17. exd4 Rc8 18. Nd2 Qd6 19. Bf3 Qb8
20. Qd3 Qa8 21. Be2 e5 22. dxe5 Nxe5 23. Qf5 Ned7 24. Bf1 h6 25. Qf4 Rxe1 26.
Rxe1 Re8 27. Rxe8+ Qxe8 28. Qc7 Qc8 29. Qxc8+ Bxc8 30. b4 Ba6 31. f3 Kf8 32.
Kf2 Ke7 33. a4 Kd6 $2 {[%mdl 8192] [#]} (33... Ne8 $14) 34. c5+ {Weighted
Error Value: White=0.02/Black=0.31} 1-0

[Event "FTX Crypto Cup Prelims 2021"]
[Site "Chess24"]
[Date "2021.05.18"]
[Round "12.5"]
[White "Radjabov, Teimour"]
[Black "Ding, Liren"]
[Result "1-0"]
[WhiteElo "2758"]
[BlackElo "2836"]
[Annotator "TA"]
[PlyCount "115"]
[EventDate "2021.05.23"]
[EventType "tourn"]
[EventCountry "NET"]
[Tiebreak "Koya+Number of black wins+Number of wins"]
[SourceTitle "playchess.com"]
[Source "ChessBase"]
[SourceQuality "1"]

{[%evp 15,115,9,18,0,4,14,0,14,13,13,17,13,17,2,14,14,21,16,15,8,7,17,14,9,22,
17,19,21,55,47,81,43,68,63,90,80,103,102,129,111,112,123,120,126,157,147,158,
162,167,163,183,192,192,189,207,200,210,98,124,103,152,160,155,157,151,151,235,
220,221,243,241,219,263,246,251,283,286,290,280,274,280,277,418,406,271,129,
135,0,0,0,6622,5397,29978,29977,29979,29980,29980,29981,29981,29982,29983,
29983]} 1. d4 Nf6 2. c4 e6 3. Nf3 b6 4. g3 Ba6 5. b3 Bb4+ 6. Bd2 Be7 7. Bg2 O-O
8. O-O d5 9. Bc3 {E15: Queen's Indian: 4 g3 sidelines, 4 g3 Ba6 and 4 g3 Bb7
early deviations.} c5 10. Ne5 Bb7 11. dxc5 $5 {[%mdl 4] The position is equal.
Leaves trodden paths.} bxc5 12. cxd5 exd5 13. Nd2 Nbd7 {[#]} 14. Rc1 $146 ({
Predecessor:} 14. Ndc4 Nxe5 15. Bxe5 Rc8 16. Qc2 Qd7 17. Rad1 Qe6 18. Ba1 Bc6
19. Ne5 Ba8 20. Rfe1 {1/2-1/2 (35) Li,D (2562)-Mendonca,L (2417) Caleta 2020})
14... Nxe5 15. Bxe5 Qb6 16. e3 Rac8 17. Re1 Rfd8 18. Qc2 Nd7 19. Bc3 Nf8 20. e4
{Hoping for exd5.} d4 {[#]} 21. Nc4 $1 Qa6 (21... Qe6 22. Ba5) 22. Ba5 Rd7 23.
Bd2 Ne6 24. Qd3 Re8 ({But not} 24... Qxa2 $2 25. Ra1 $18) 25. f4 Bf8 ({Wrong is
} 25... Qxa2 $2 26. Ra1 $18) 26. Bf1 Rdd8 27. Na5 Qxd3 28. Bxd3 Ba8 29. Bb5 d3
30. Bxe8 Rxe8 31. Rc3 Nd4 {White must now prevent ...Nf3+.} 32. Rxd3 Bxe4 33.
Rc3 $1 f5 34. Kf2 Rd8 35. Nc4 g6 36. Rd1 (36. Rcc1 $18) 36... Nc2 $16 37. Ne5
Nb4 38. Rc4 Bg7 {intending ...Bxe5.} 39. Ke2 Bc2 40. Rxc5 {Strongly
threatening Rc1.} Bxe5 (40... Bf8 $16 41. Rc4 Bxd1+ 42. Kxd1 Nd5) 41. fxe5 $18
Bxd1+ 42. Kxd1 $16 {[%mdl 4096] Endgame KRB-KRN} Kf7 43. Ke2 Nd5 44. Bg5 Rd7
45. Rc6 {e6+ would kill now.} Nc7 46. Rd6 Ke8 {and the idea ...Rxd6 leaves
Black hopeful.} 47. Kd3 Rxd6+ 48. exd6 $18 {KB-KN} Nb5 (48... Ne6 $142) 49. Bf4
Kd7 {[#]} 50. Kc4 (50. b4 $1 $18) 50... Nxd6+ $16 51. Bxd6 ({Better is} 51. Kd5
$16 Ne4 52. Be5) 51... Kxd6 {KP-KP} 52. Kd4 Kc6 $2 {[%mdl 8192]} (52... g5 $11)
53. Ke5 $18 a5 54. a3 {White mates.} Kc5 55. h4 Kc6 {[#]} 56. Kf6 $1 {[%cal
Rf6g7]} Kd5 57. Kg7 Ke4 58. Kxh7 {Weighted Error Value: White=0.10/Black=0.28}
1-0

[Event "FTX Crypto Cup Prelims 2021"]
[Site "Chess24"]
[Date "2021.05.18"]
[Round "12.6"]
[White "Mamedyarov, Shakhriyar"]
[Black "Giri, Anish"]
[Result "1/2-1/2"]
[WhiteElo "2761"]
[BlackElo "2731"]
[Annotator "TA"]
[PlyCount "140"]
[EventDate "2021.05.23"]
[EventType "tourn"]
[EventCountry "NET"]
[Tiebreak "Koya+Number of black wins+Number of wins"]
[SourceTitle "playchess.com"]
[Source "ChessBase"]
[SourceQuality "1"]

{[%evp 9,140,15,19,9,18,8,12,7,25,9,14,-3,-6,12,7,0,11,-22,-12,2,-12,-4,0,0,35,
43,89,105,106,92,106,101,111,106,83,103,64,0,0,0,67,36,100,104,102,106,119,129,
113,34,39,48,48,40,64,65,93,0,95,110,96,102,95,93,99,91,100,91,98,96,102,96,97,
75,164,162,170,152,179,179,218,211,260,260,193,193,193,193,193,67,67,67,307,
130,181,24,24,8,8,8,8,8,100,8,24,24,24,24,20,8,8,8,8,8,8,8,8,8,8,8,8,8,8,8,8,0,
8,0,8,0,8,0,8]} 1. e4 c5 2. c3 Nf6 3. e5 Nd5 4. Bc4 (4. d4 cxd4 5. cxd4 d6 6.
Nf3 Nc6 7. Bc4 Nb6 8. Bb3 dxe5 9. d5 Na5 10. Nc3 Nxb3 11. Qxb3 e6 12. Nxe5 exd5
13. Be3 Bd6 14. Qb5+ Kf8 15. f4 Be6 16. O-O Kg8 17. Rad1 h5 18. Kh1 h4 19. h3
Rh5 20. Qe2 Rf5 {0-1 (50) Mamedyarov,S (2764)-Giri,A (2763) Chess.com INT 2020}
) 4... Nb6 5. Bb3 d6 6. exd6 {B22: Sicilian: 2 c3.} Qxd6 7. Nf3 c4 8. Bc2 Qe6+
9. Kf1 g6 10. b3 Bg7 11. Na3 cxb3 12. axb3 O-O {[#]} 13. d4 $146 ({Predecessor:
} 13. h4 h5 14. Ng5 Qd7 15. Nc4 Nd5 16. Rh3 Nc6 17. Rg3 b5 18. Nxf7 {1/2-1/2 
(18) Carradori,D (2168)-Klochan,P (2256) ICCF email 2014}) 13... Nc6 14. h4 h5
15. Bg5 Qd7 16. Qe1 Nd5 17. Rd1 b5 18. c4 {[%cal Rc4d5]} bxc4 19. bxc4 Ba6 20.
Kg1 $1 Nf6 21. d5 Qd6 22. dxc6 Qxa3 23. Ra1 (23. Ne5 $14) 23... Qb2 $11 24.
Bxg6 Bxc4 {[#]} (24... fxg6 $11 25. Rxa6 Ng4) 25. Rb1 $1 Qa2 (25... Qe2 $1 $14
26. Bxf6 Bxf6 27. Qxe2 (27. Bxh5 Qxe1+ 28. Rxe1 a5 $11) 27... Bxe2) 26. Bxf6
$16 exf6 {[#]} 27. Ra1 $1 Qb2 28. Bf5 Rfe8 29. Qc1 (29. Qa5 $1 $16) 29... Qxc1+
$1 $14 30. Rxc1 Be6 31. Nd4 Bh6 32. Rc2 Bf4 33. g3 ({White should try} 33. Nxe6
$16 fxe6 34. Bg6 {[%mdl 64] Double Attack}) 33... Be5 (33... Bd5 $1 $11 {
keeps the balance.} 34. Kh2 Bxh1 35. gxf4 Be4) 34. Nxe6 $16 fxe6 35. Bg6 Re7
36. Kg2 $36 {[%mdl 2048] White has strong initiative.} a5 37. Bxh5 a4 38. f4
Bc7 39. Be2 e5 40. f5 e4 41. Bc4+ Kg7 (41... Kf8 $16) 42. Rd1 $1 $18 Kf8 43.
Rd7 a3 44. g4 Rxd7 45. cxd7 {[%mdl 4096] Endgame KRB-KRB} Ke7 46. Be6 a2 47.
Bxa2 {And now g5 would win.} Kxd7 48. g5 fxg5 {[#]} 49. hxg5 ({White has to
play} 49. Be6+ $1 $18 Kd6 50. hxg5) 49... Bf4 $1 $14 50. g6 Be5 {[#]} ({
Black should play} 50... Ra3 $1 $14) 51. Bd5 (51. Be6+ $1 $18 {and the rest is
easy.} Kd8 52. Rc5) 51... Rh8 $16 {Threatens to win with ...Rh2+.} 52. Kg1 ({
Don't do} 52. Bxe4 $6 Rh2+ 53. Kf3 Rxc2 $14) ({Better is} 52. Be6+ $18 Kd6 53.
Rd2+ Kc6 54. Rd5) 52... e3 $11 53. Re2 Rh5 54. Be6+ Ke7 55. Rg2 Bg7 (55... Bd4
$11 56. Kf1 Rh1+ 57. Ke2 Rb1) 56. Ra2 (56. Kf1 $16) 56... Bd4 {( -> ...e2+)}
57. Kg2 Kf6 58. Kf3 Rh3+ 59. Ke4 {The position is equal.} Rh4+ 60. Kd3 {
Rc2 is the strong threat.} Bc5 61. Rg2 {aiming for g7.} Rd4+ 62. Kc3 {Strongly
threatening g7.} Rd2 63. Rxd2 exd2 64. Kxd2 {KB-KB} Bf8 65. Kd3 Kg7 66. Kc2 (
66. f6+ $5 Kxf6 67. Bh3 $11) 66... Be7 67. Kd3 Bf6 68. Kc2 Be7 69. Kd3 Bf6 70.
Kc2 Be7 {Weighted Error Value: White=0.20/Black=0.24} 1/2-1/2

[Event "FTX Crypto Cup Prelims 2021"]
[Site "Chess24"]
[Date "2021.05.18"]
[Round "12.7"]
[White "Nepomniachtchi, Ian"]
[Black "Pichot, Alan"]
[Result "1-0"]
[WhiteElo "2778"]
[BlackElo "2533"]
[Annotator "TA"]
[PlyCount "121"]
[EventDate "2021.05.23"]
[EventType "tourn"]
[EventCountry "NET"]
[Tiebreak "Koya+Number of black wins+Number of wins"]
[SourceTitle "playchess.com"]
[Source "ChessBase"]
[SourceQuality "1"]

{[%evp 9,121,9,21,23,30,17,32,24,28,24,37,33,48,26,31,34,34,16,12,18,22,-13,31,
21,39,46,78,95,99,37,43,13,64,31,47,0,68,49,89,83,107,100,100,106,124,59,169,
166,204,187,184,154,161,147,152,152,164,168,150,135,155,143,154,175,177,173,
148,152,179,122,143,68,180,177,204,200,197,167,215,195,220,219,224,199,205,213,
221,186,189,205,253,253,258,249,289,273,293,291,369,360,406,356,356,356,364,
349,397,397,409,391,389,353,778,762]} 1. e4 c5 2. Nf3 d6 3. Bb5+ Nd7 4. a4 {
[%cal Ba2a4,Ba4a5][%mdl 32]} Ngf6 5. Nc3 g6 6. a5 {B51: Sicilian: Moscow
Variation (3 Bb5+) without 3...Bd7.} Bg7 7. O-O a6 8. Be2 {White is slightly
better.} O-O 9. d3 b5 10. axb6 $1 Nxb6 {[#]} 11. Qd2 $146 ({Predecessor:} 11.
e5 Nfd5 12. Nxd5 Nxd5 13. exd6 exd6 14. Nd2 Bb7 15. Bf3 Qc7 16. Nc4 a5 17. c3
Bc6 18. Re1 Ra6 19. Bg5 h6 20. Bh4 f5 21. Bxd5+ Bxd5 22. f4 {1-0 (22) Arjun,K 
(2477)-Bhambure,S (2367) Arandjelovac 2021}) 11... a5 12. Qg5 Nfd7 13. Qh4 Nb8
14. Bh6 Nc6 15. Nd5 f6 (15... Nxd5 {looks sharper.} 16. exd5 Nb4 17. Ng5 f6 18.
Bxg7 fxg5 19. Qh6 Nxc2 20. Bxf8 Qxf8 21. Qxf8+ Kxf8 22. Ra2 Bb7) 16. c3 Be6 17.
Ne3 Bf7 18. Bxg7 Kxg7 19. Nd2 (19. d4 $16) 19... Rb8 $14 20. f4 Nd7 (20... d5
$11) 21. Ndc4 Nb6 22. Nd2 ({But not} 22. Nxa5 Nxa5 23. Rxa5 Nd5 $1 $15) 22...
Nd7 23. Rfb1 Rb7 24. Bd1 ({Much weaker is} 24. Ng4 Qb8 $11) 24... Qb8 25. Ba4
Rc8 26. Ndc4 Nd8 27. Nd5 (27. Bd1 $16) 27... Nf8 ({Black should play} 27...
Bxd5 $14 28. exd5 Nb6) 28. Re1 $18 Be6 29. b3 Qa7 30. Re3 Nf7 31. Rae1 Rcb8 32.
Kh1 Rxb3 33. Bxb3 Rxb3 34. Qf2 a4 35. Qa2 Nh6 36. R3e2 Bxd5 37. exd5 Ng8 38.
Rc2 Qa8 39. Ne3 (39. Nd2 $18 Rb7 40. c4) 39... f5 40. Rb1 (40. Ra1 $16) 40...
Rxb1+ (40... c4 $1 $14) 41. Qxb1 Nf6 {[#]} 42. c4 Qa5 43. Kg1 N8d7 44. Kf2 Qb4
45. Qa1 h5 46. Ke2 Qa5 47. Rb2 h4 48. Rb5 Qa8 49. Qe1 a3 50. Ra5 Qb8 {
intending ...Qb2+.} 51. Qa1 ({Stronger than} 51. Qxh4 Qb2+ 52. Kf1 Qd4 $15)
51... Qh8 52. Rxa3 Qh5+ 53. Kd2 h3 {and the idea ...hxg2 leaves Black hopeful.}
54. g3 Qf3 {...Qf2+ is the strong threat.} 55. Qf1 Qxf1 56. Nxf1 {KRN-KNN} Kf7
57. Ne3 Nf8 58. Ke2 e6 59. Ra7+ Ke8 60. Kf3 e5 $2 (60... exd5 61. cxd5 N8d7)
61. g4 {Weighted Error Value: White=0.14/Black=0.21} 1-0